Nő az elégedetlenség az MKP-ban Simon kilépéséről Csáky Pált is megkérdeztük, de kérdéseinkre nem kívánt válaszolni

Bibliographic Details
Main Author: Lajos, János P. (Author)
Format: Article
Language:Hungarian
PhysicalDescription:Fotogr.
ISSN:1335-7050
Subjects:

MARC

LEADER 00000nab a2200000 ar4500
001 vtls009521862
003 SK-MaSNL
005 20260318133110.0
008 090604c20090416xo |||||||| 000 b|hun
015 |a SNBRB2009/04  |2 snkbucl 
038 |a SNKBUCL 
040 |a DSZK  |b slo  |c DSZK  |e AACR2 
041 0 |a hun 
044 |a xo  |c SK 
080 |a 329.4  |x (437.6)  |x (=511.141)  |b SMK  |2 2001 
100 1 |a Lajos, János P.  |4 aut  |9 841807 
245 1 0 |a Nő az elégedetlenség az MKP-ban  |b Simon kilépéséről Csáky Pált is megkérdeztük, de kérdéseinkre nem kívánt válaszolni  |c Lajos P. János 
246 3 |a Járási vezetők Csáky Pál mellett állnak 
300 |b Fotogr. 
610 2 7 |a Strana maďarskej koalície - Magyar Koalíció Pártja  |2 snkbucl  |9 229268 
648 7 |a 2009  |2 snkbucl  |9 320114 
650 0 7 |a vnútrostranícka situácia  |2 snkbucl  |9 1201042 
773 0 |t Új szó  |g Évf. 62, sz. 87 (16.4.2009), o. 1 és 2  |x 1335-7050 
852 |a SNK  |b KIS3GCP 
852 |a DSZK  |b KIS3GCP 
958 |a HU 
958 |a SK 
999 |c 2099213  |d 2101143